000 00488nam a22001817a 4500
003 CEME
005 20210628205625.0
008 210309b xxu||||| |||| 00| 0 eng d
020 _a969-35-0273-6
040 _c.
082 _a910.4 TAR'S
100 _aTarar, Mustansar Hussain Mustansar Hussain Tarar
_976315
245 _aSafar shumaal kay sawat and khunjrab
260 _aLAHORE
_bSANG-E-MEEL
_c1996
300 _a195P
650 _aURDU ADAB SAFAR NAMA
_966376
942 _cBK
_2ddc
999 _c581708
_d581708